General Anatomy (Record no. 22840)

MARC details
000 -LEADER
fixed length control field 00336nam a22001697a 4500
003 - CONTROL NUMBER IDENTIFIER
control field SGT
020 ## - INTERNATIONAL STANDARD BOOK NUMBER
International Standard Book Number 9788131262436
082 ## - DEWEY DECIMAL CLASSIFICATION NUMBER
Classification number 611
Item number G20S
100 ## - MAIN ENTRY--PERSONAL NAME
Personal name Singh, Vishram
245 ## - TITLE STATEMENT
Title General Anatomy
250 ## - EDITION STATEMENT
Edition statement 3rd
260 ## - PUBLICATION, DISTRIBUTION, ETC. (IMPRINT)
Name of publisher, distributor, etc Elsevier
Year of Publication 2020
300 ## - PAGE DESCRIPTION
No. of Pages 248
650 ## - SUBJECT ADDED ENTRY--TOPICAL TERM
Topical term or geographic name as entry element Anatomy
653 ## - KEYWORDS--INDEX TERM
Keyword term Anatomy
942 ## - ADDED ENTRY ELEMENTS (KOHA)
Source of classification or shelving scheme Dewey Decimal Classification
Koha item type Books
942 ## - ADDED ENTRY ELEMENTS (KOHA)
-- 2
Holdings
Withdrawn status Lost status Source of classification or shelving scheme Damaged status Not for loan Home library Current library Date acquired Vendor Name Cost, normal purchase price SGTU Bill Number Full call number Accession No. (Barcode) Date last seen Bill Date Koha item type Total Checkouts Date last borrowed
    Dewey Decimal Classification     SGT Dental Library SGT Dental Library 11/06/2022 Ahuja Book Co. Pvt. Ltd. 750.00 SGTU 14353 611 G20S FD8911 11/06/2022 16/04/2022 Books    
    Dewey Decimal Classification     SGT Dental Library SGT Dental Library 11/06/2022 Ahuja Book Co. Pvt. Ltd. 750.00 SGTU 14353 611 G20S FD8912 15/01/2025 16/04/2022 Books 1 13/01/2025
    Dewey Decimal Classification     SGT Dental Library SGT Dental Library 11/06/2022 Ahuja Book Co. Pvt. Ltd. 750.00 SGTU 14353 611 G20S FD8913 16/08/2023 16/04/2022 Books    
    Dewey Decimal Classification     SGT Dental Library SGT Dental Library 11/06/2022 Ahuja Book Co. Pvt. Ltd. 750.00 SGTU 14353 611 G20S FD8914 08/01/2026 16/04/2022 Books 2 08/01/2026
    Dewey Decimal Classification     SGT Dental Library SGT Dental Library 11/06/2022 Ahuja Book Co. Pvt. Ltd. 750.00 SGTU 14353 611 G20S FD8915 11/06/2022 16/04/2022 Books